000 00792nam a2200193Ii 4500
003 JO-AjNU
008 230605s9999||||xx |||||||||||||| ||und||
040 _aJO-AjNU
_bara
_erda
_cJO-AjNU
041 _aara
050 1 4 _aLB1027.5 2020
100 3 _aاعداد الغامدي، مازن عبد الحمن، اعداد محمد محجوب احمد,
_eauthor
_961770
245 0 0 _aالارشاد النفسي لذوي الاعاقة العقلية واسرهم
264 3 1 _aالاسكندرية: المركز الاكاديمي للنشر، 2020
300 _a252ص
336 _atext
_btxt
_2rdacontent
337 _aunmediated
_bn
_2rdamedia
338 _avolume
_bnc
_2rdacarrier
650 4 _aالاعاقة العقلية-الارشاد النفسي - رعاية الوالدين
_961771
999 _aA27938
_c31506
_d31506